00273nam a2200097Ia 4500008004100000100002800041245005000069260003400119300000800153650001400161190216s9999||||xx |||||||||||||| ||und|| aRabindra N Bhattacharya 0aEnvironmental Economics An Indian Perspective bOxford University Pressc2009 a291 aEconomics